Представление документа в формате RUSMARC

ПолеНазваниеЗначение
  Тип записи i
  Библиографический уровень m
001 Контрольный номер RU/IS/BASE/357730741
005 Дата корректировки 20201206204803.8
010 Индекс ISBN __
d Цена 347-00
101 Язык документа __
a Язык текста rus
200 Заглавие и сведения об ответственности 1_
a Заглавие Жестокие игры
e Сведения, относящиеся к заглавию [радиоспектакль : радиокомпозиция спектакля Московск. театра им. Лен. комсомола]
f Первые сведения об ответственности А. Арбузов ; [постановка М. Захарова и Ю. Махаева ; режиссер-постановщик Г. Волчек ; авт. композиции Ю. Махаев ; в ролях: И. Серова-Аугшкап и др.]
b Общее обозначение материала Звукозапись
210 Выходные данные __
a Место издания М.
c Издательство Звуковая кн.
c Издательство Козлова Любовь Николаевна
d Дата издания 2008
215 Физическое описание __
a Объем 1 электрон. опт. диск (Audio CD) (2 ч. 31 мин.)
300 Общие примечания __
a Общие примечания mp3 ; 192 кбит/с 44 кГц ; - Из архива Гостелерадиофонда. - Запись 1988 г.
323 Примечание о главных создателях, исполнителях, участниках __
a Примечание о главных создателях, исполнителях, участниках Серова-Аугшкап, И. (Неля)
a Примечание о главных создателях, исполнителях, участниках Астафьев, Ю. (Кай)
a Примечание о главных создателях, исполнителях, участниках Чонишвили, С. (Никита)
a Примечание о главных создателях, исполнителях, участниках Фокин, И. (Терентий)
a Примечание о главных создателях, исполнителях, участниках Никифоров, Б. (Константинов)
a Примечание о главных создателях, исполнителях, участниках Кузнецов, В. (Миша Земцов)
a Примечание о главных создателях, исполнителях, участниках Чикурова, Л. (Маша Земцова)
a Примечание о главных создателях, исполнителях, участниках Кузнецов, В. (Ловейко)
a Примечание о главных создателях, исполнителях, участниках Ширяев, В. (Олег Павлович)
a Примечание о главных создателях, исполнителях, участниках Рудина, Т. (Девица)
a Примечание о главных создателях, исполнителях, участниках Кузнецова, З. (Мать Нели)
a Примечание о главных создателях, исполнителях, участниках Махаев, Ю. (ведущий)
330 Аннотация __
a Аннотация Главное слово спектакля - игра. Конфликт рождается из того, что играми заняты люди взрослые, их по детски беспечные игры оборачиваются нешуточной болью, горечью и жестокостью. Сам способ существования актеров на сцене, принцип их общения подчеркивает - игры, игры, игры... Действие пьесы разворачивается на нефтяных месторождениях Западной Сибири и в Москве. Автор с тревогой показывает, насколько легко необдуманные действия каждого человека могут нанести серьёзный урон другому человеку - в том числе и нравственный.
606 Тематические рубрики __
a Основная рубрика Музыка и зрелищные искусства
606 Тематические рубрики __
a Основная рубрика Художественное радиовещание
610 Ключевые слова __
a Ключевые слова спектакли; радиоспектакли; аудиопостановки; радиопостановки; тема любви; тема жизни; тема молодежи; тема взаимоотношений; тема конфликтов
686 Индексы других классификаций __
a Классификационный индекс 85.38я04
700 Автор _1
a Фамилия Арбузов
b Имя А. Н.
g Полное личное имя Алексей Николаевич
4 Код отношения 070
702 Вторичная интеллектуальная ответственность _1
a Фамилия Захаров
b Имя М.
4 Код отношения Постановка
4 Код отношения 570
702 Вторичная интеллектуальная ответственность _1
a Фамилия Махаев
b Имя Ю.
4 Код отношения Постановка
4 Код отношения 570
702 Вторичная интеллектуальная ответственность _1
a Фамилия Волчек
b Имя Г.
4 Код отношения Режиссер-постановщик
4 Код отношения 070
801 Источник записи _0
a Страна RU
b Организация Муниципальное бюджетное учреждение культуры "Централизованная библиотечная система" г. Сургут (Центральная городская библиотека им. А. С. Пушкина)
g Правила каталогизации КиК/Поспелова
801 Источник записи _1
a Страна RU
b Организация Муниципальное бюджетное учреждение культуры "Централизованная библиотечная система" г. Сургут (Центральная городская библиотека им. А. С. Пушкина)
g Правила каталогизации КиК/Поспелова
852 Данные о местонахождении __
j Шифр хранения 85.38я04
i Авторский знак А 79
901 Тип документа __
t Тип документа 0
903 Характеристики (МАРС) __
a Дата передачи 20110503
969 Тип издания __
a Тип издания аудиоспектакль
990 Данные о заказе (DOS) __
j Количество экземпляров (DOS) 1
h N записи в КСУ для Б/У (DOS) 201106